Very Large Numbers - Statistics

General Stats
  • This quiz has been taken 23 times
  • The average score is 17 of 24
Answer Stats
Notation Name % Correct
10^9 Billion
100%
10^2 Hundred
100%
10^6 Million
100%
10^15 Quadrillion
100%
10^3 Thousand
100%
10^12 Trillion
100%
10^18 Quintillion
88%
10^24 Septillion
88%
10^21 Sextillion
88%
10^30 Nonillion
82%
10^27 Octillion
82%
10^33 Decillion
76%
10^100 Googol
71%
10^36 Undecillion
59%
10^48 Quindecillion
53%
10^42 Tredecillion
53%
10^10^100 Googolplex
47%
10^51 Sexdecillion
47%
10^39 Duodecillion
41%
10^57 Octodecillion
41%
10^63 Vigintillion
41%
10^60 Novemdecillion
35%
10^45 Quattuordecillion
35%
10^54 Septendecillion
29%
No matching quizzes found
Score Distribution
Percent of People with Each Score
Percentile by Number Answered
Your Score History
You have not taken this quiz